| 000 | 00679cam a22002533a 4500 | ||
|---|---|---|---|
| 001 | 31494 | ||
| 003 | PGUSA | ||
| 005 | 20140828083700.0 | ||
| 008 | 100303s2010||||xxu|||||s|||||000 | eng d | ||
| 040 |
_aPGUSA _beng |
||
| 042 | _adc | ||
| 050 | 4 | _aHF | |
| 100 | 1 |
_aBok, Edward William, _d1863-1930 |
|
| 245 | 1 | 4 |
_aThe Young Man in Business _h[electronic resource] / _cEdward William Bok |
| 260 |
_bProject Gutenberg, _c2010 |
||
| 506 | _aPublic domain in the USA. | ||
| 516 | _aElectronic text | ||
| 653 | _aBusiness | ||
| 653 | _aYoung men | ||
| 653 | _aSuccess | ||
| 830 | 0 |
_aProject Gutenberg _v31494 |
|
| 856 | 4 | 0 | _uhttp://www.gutenberg.org/ebooks/31494 |
| 942 | _cEB | ||
| 999 |
_c260749 _d260749 |
||